LIBRARY & INFORMATION CENTRE, KCAET, TAVANUR

ONLINE PUBLIC ACCESS CATALOGUE (OPAC)

Water well technology / (Record no. 2023)

MARC details
000 -LEADER
fixed length control field 00437cam a2200181ua 4500
041 ## - LANGUAGE CODE
Language code of text/sound track or separate title eng
082 ## - DEWEY DECIMAL CLASSIFICATION NUMBER
Classification number 551.498
Item number HAN/WA
100 ## - MAIN ENTRY--AUTHOR NAME
Personal name Handa, O.P .
245 ## - TITLE STATEMENT
Title Water well technology /
250 ## - EDITION STATEMENT
Edition statement 1 /
260 ## - PUBLICATION, DISTRIBUTION, ETC. (IMPRINT)
Place of publication :
Name of publisher Oxford & IBH Publishing company ,
Year of publication 1988.
300 ## - PHYSICAL DESCRIPTION
Number of Pages 309 ; .
942 ## - ADDED ENTRY ELEMENTS (KOHA)
Koha item type Books
Holdings
Withdrawn status Lost status Damaged status Home library Current library Date acquired Full call number Accession Number Koha item type
      KAUAET KAUAET 07/04/2012 551.498 HAN/WA 17717 Books
free website counter